| 000 | 01105pam a2200325 a 4500 | ||
|---|---|---|---|
| 001 | 015715802 | ||
| 003 | OSt | ||
| 005 | 20150218150313.0 | ||
| 008 | 101207t2012 at k frbd |001 0 eng d | ||
| 020 | _a9780538473507 (pbk.) | ||
| 020 | _a0538473509 (pbk.) | ||
| 040 |
_aStDuBDS _beng _cStDuBDS _dUk _dEG-ScBUE |
||
| 043 | _an-us--- | ||
| 082 | 0 | 0 |
_a346.7307 _222 _bMEI |
| 100 | 1 |
_aMeiners, Roger E. _937461 |
|
| 245 | 1 | 4 |
_aThe legal environment of business / _cRoger E. Meiners, Al H. Ringleb, Frances L. Edwards. |
| 250 |
_a11th ed., _binternational ed. |
||
| 260 |
_a[Canberra] : _bSouth-Western Cengage Learning, _cc.2012. |
||
| 300 |
_axxi, 806 p. : _bforms ; _c26 cm. |
||
| 500 | _aGlossary : p. 757-788. | ||
| 500 | _aIndex : p. 789-806. | ||
| 504 | _aIncludes bibliographical references. | ||
| 650 | 0 |
_aIndustrial laws and legislation _zUnited States _937462 |
|
| 650 | 0 |
_aCommercial law _zUnited States _937192 |
|
| 653 |
_bBUSADM _cFebruary2015 |
||
| 655 |
_vreading book _934232 |
||
| 700 | 1 |
_aRingleb, Al H. _937463 |
|
| 700 | 1 |
_aEdwards, Frances L. _937464 |
|
| 942 |
_2ddc _k346.7307 MEI |
||
| 999 |
_c19006 _d18978 |
||